[Event "Stuttgart-chB int"]
[Site "Ditzingen"]
[Date "2009.05.23"]
[Round "6"]
[White "Spiegelberg, Silvia"]
[Black "Schnorr, Elke"]
[Result "1/2-1/2"]
[WhiteElo "1553"]
[BlackElo "1765"]
[PlyCount "89"]
[EventDate "2009.05.21"]
[EventType "swiss"]
[EventRounds "7"]
[EventCountry "GER"]
[SourceTitle "EXT 2018"]
[Source "ChessBase"]
[SourceDate "2017.10.13"]
[SourceVersion "1"]
[SourceVersionDate "2017.10.13"]
[SourceQuality "1"]

1. e4 c5 2. Nf3 e6 3. d4 cxd4 4. Nxd4 Nf6 5. Nc3 d6 6. Be2 a6 7. a4 Qc7 8. 0-0 Be7 9. Re1 0-0 10. Qd3 Nbd7 11. Bd2 Nc5 12. Qc4 Qd7 13. Bf3 e5 14. Nde2 b6 15. Ng3 Bb7 16. Rad1 Rac8 17. Qb4 Qc7 18. Nf5 Bd8 19. Bg5 Ne8 20. Be3 a5 21. Qa3 Bc6 22. Rd2 Qb7 23. Ng3 Nf6 24. Bg5 Ne8 25. Be3 Be7 26. Nf5 Qc7 27. Rdd1 h6 28. Nb5 Bxb5 29. axb5 Nf6 30. Bc1 Rfd8 31. Qe3 Bf8 32. Qd2 Qd7 33. c4 Nb3 34. Qd3 Nxc1 35. Rxc1 Qe6 36. b3 Nd7 37. Bg4 Qg6 38. Qg3 Nf6 39. Bh3 Qxg3 40. fxg3 Rc7 41. Rcd1 g6 42. Ne3 h5 43. Nd5 Nxd5 44. Rxd5 g5 45. Bf5 1/2-1/2

[Event "Stuttgart-chB int"]
[Site "Ditzingen"]
[Date "2008.05.02"]
[Round "4"]
[White "Schnorr, Elke"]
[Black "Riepert, Steffen"]
[Result "1-0"]
[WhiteElo "1739"]
[BlackElo "1579"]
[PlyCount "107"]
[EventDate "2008.05.01"]
[EventType "swiss"]
[EventRounds "7"]
[EventCountry "GER"]
[SourceTitle "EXT 2018"]
[Source "ChessBase"]
[SourceDate "2017.10.13"]
[SourceVersion "1"]
[SourceVersionDate "2017.10.13"]
[SourceQuality "1"]

1. d4 Nf6 2. Nf3 e6 3. e3 d5 4. Bd3 c5 5. c3 Nc6 6. Nbd2 b6 7. 0-0 Bd6 8. Re1 0-0 9. dxc5 bxc5 10. e4 dxe4 11. Nxe4 Be7 12. Be3 Nd5 13. Bxc5 Bxc5 14. Nxc5 Qe7 15. Ne4 Nf4 16. Qc2 h6 17. Rad1 Nxd3 18. Rxd3 Ba6 19. Rd6 Bb7 20. Red1 Rfd8 21. Rxd8+ Rxd8 22. Rxd8+ Nxd8 23. Qd3 Bc6 24. Ne5 Bb7 25. Qd6 Kf8 26. Qxe7+ Kxe7 27. f3 f6 28. Nd3 Nc6 29. b4 Ba6 30. Ndc5 Bc4 31. a4 f5 32. Nd2 Ba2 33. Ncb3 e5 34. b5 Nb8 35. c4 Kd6 36. Nc1 Bxc4 37. Nxc4+ Kd5 38. Ne3+ Ke6 39. Nd3 g6 40. g4 Nd7 41. h3 e4 42. fxe4 fxe4 43. Nf4+ Kf6 44. Nfd5+ Ke6 45. a5 Kd6 46. b6 axb6 47. Nxb6 Nc5 48. Nbc4+ Ke6 49. Kf2 g5 50. Nf5 Kd5 51. Nce3+ Ke5 52. Nxh6 Nd3+ 53. Kf1 Kd6 54. Nf7+ 1-0